00829nam a2200265Ia 450000100090000000300060000900500170001500800410003202000150007303500150008803500120010304000270011508200160014210000270015824500860018525000290027126400350030026400150033530000460035033600260039633700280042233800270045050400400047763000460051710478436OCoLC20241126110719.0840302t19831983tnuab 000 0 eng d a0687279143 a.b20722266 a3236527 aNGWcNGWdOSUdUtOrBLW a225.07bMET1 aMetzger, Bruce Manning14aThe New Testament :bits background, growth, and content /cBruce Manning Metzger aSecond edition, enlarged 1aNashville :bAbingdon,c[1983] 4c℗♭1983 a309 pages :billustrations, maps ;c23 cm atextbtxt2rdacontent aunmediatedbn2rdamedia avolumebnc2rdacarrier aIncludes bibliographies and indexes00aBible.pNew TestamentxStudy and teaching